000
00244nam a22000977a 4500
020
_a
0534400337
050
_a
QA 154 .S78 2004
100
_a
KAREN SCHWITTERS
245
_a
STUUDENTS SOLUTION MANUAL,ALGEBRA FOR COLLEGE STUDENTS
942
_2
lcc
_c
GEN
999
_c
12343
_d
12343